100 größte Städte in Neuseeland mit einer Karte - Statistiken

Allgemein
  • Dieses Quiz wurde 229 mal gespielt
  • Das Durchschnittsergebnis liegt bei 17 aus 100
Antworten auf der Karte
Die Antworten werden auf der Karte rot bzw. grün angezeigt, abhängig davon wie oft sie richtig erraten wurden.
 
Antwortstatistiken
Einwohner Beinhaltet Stadt % Korrekt
1 638 800 Hibiscus Coast, Waiheke Island, Beachlands, Huapai Auckland
99%
418 500 Upper Hutt, Lower Hutt, Porirua Wellington
98%
407 600 Kaiapoi, Lyttelton, Prebbleton, Woodend Christchurch
89%
122 000 Mosgiel Dunedin
68%
19 540 Lake Hayes Queenstown
67%
67 500 Richmond Nelson
65%
203 100 Hamilton
62%
63 900 Napier
56%
24 700 Taupo
56%
59 500 Ngongotaha Rotorua
55%
141 600 Papamoa, Omokoroa Tauranga
53%
51 200 Invercargill
52%
58 300 New Plymouth
48%
8890 Wanaka
45%
89 500 Ashhurst Palmerston North
44%
58 800 Whangarei
42%
4350 Picton
39%
37 200 Gisborne
38%
70 600 Havelock North Hastings
37%
31 600 Renwick Blenheim
35%
2140 Te Anau
35%
40 900 Whanganui
33%
2150 Kaikoura
31%
3590 Hokitika
24%
7520 Kerikeri
22%
7350 Thames
22%
20 200 Ashburton
21%
3960 Westport
21%
9700 Greymouth
20%
2950 Arrowtown
19%
20 600 Cambridge
18%
7920 Matamata
16%
13 950 Oamaru
16%
31 400 Pukekohe
15%
29 100 Timaru
15%
19 750 Ohope Beach Whakatane
15%
42 700 Paraparaumu, Waikanae Kapiti Coast
13%
8150 Huntly
12%
8450 Motueka
12%
3310 Raglan
12%
5160 Cromwell
10%
5510 Alexandra
8%
9910 Gore
7%
5860 Kaitaia
7%
22 200 Masterton
7%
16 250 Rolleston
7%
2270 Mapua
5%
4320 Opotiki
5%
4890 Warkworth
5%
2230 Darfield
4%
2500 Geraldine
4%
12 150 Hawera
4%
6100 Lincoln
4%
6410 Otaki
4%
18 300 Rangiora
4%
5740 Stratford
4%
8350 Te Puke
4%
2370 Winton
4%
5360 Dannevirke
3%
5150 Waihi
3%
3960 Whangamata
3%
5080 Whitianga
3%
3990 Balclutha
2%
5320 Carterton
2%
5180 Dargaville
2%
2480 Featherston
2%
4720 Foxton
2%
2380 Greytown
2%
3150 Helensville
2%
3630 Inglewood
2%
21 200 Levin
2%
4950 Marton
2%
4370 Temuka
2%
3320 Turangi
2%
2890 Waimate
2%
2100 Wellsford
2%
16 850 Feilding
1%
4560 Kaikohe
1%
4710 Katikati
1%
7080 Kawerau
1%
7870 Morrinsville
1%
2170 Oxford
1%
4410 Paeroa
1%
4100 Putaruru
1%
5040 Snells Beach
1%
4720 Taumarunui
1%
4350 Te Aroha
1%
17 500 Kihikihi Te Awamutu
1%
14 050 Tokoroa
1%
2220 Waihi Beach
1%
4290 Wairoa
1%
7040 Waitara
1%
9780 Waiuku
1%
2360 Wakefield
1%
6580 Ngaruawahia
0%
2750 Otorohanga
0%
2570 Pahiatua
0%
4640 Te Kuiti
0%
2160 Waipawa
0%
4220 Waipukurau
0%
Keine übereinstimmenden Quizze gefunden
Verteilung der Resultate
Anzahl Personen mit jedem Resultat
Perzentil nach korrekt beantworteten Fragen
Ihre Resultats-Entwicklung
Sie haben dieses Quiz noch nicht gespielt